000 00845nam a2200241Ia 4500
001 dia_4070
003 CHAP
005 20251014145046.0
008 220601s9999 xx 000 0 und d
040 _amxchpua
_erda
090 _aFOLLETO 2394
100 _aSánchez García, Marco A.
_9107535
245 _aGuía para producir maíz asociado con frijol 1B y calabaza en el sistema roza-tumba-quema de Yucatán / Marco A. Sánchez García y otros
260 _aMéxico : INIA, Campo Agrícola Experimental de Uxmal
300 _a15 p.
500 _aS/c (Folleto para productores, 5)
650 _a1. Maíz-Producción2. Frijol-Producción3. Calabaza-Producción
_9175987
700 _aINIAÌ
901 _aFOLLETO 2394
902 _aM
905 _a0000001984 mx 0000000000spa00
942 _cFOLL
_2local
999 _c209452
_d209452